LDR 00985naa#a2200181#i#450# 001 RU\INFRA-M\bibl\102727 005 20260502162411.6 011 ## _a2587-6295 100 ## _a20250626b2025####ek#y0rusy0150####ca 102 ## _aRU 200 1# _aВиды электронного голосования: кейсы Австралии, Индии и Испании _eЖурнальная статья 210 1# _aМосква _cОбщество с ограниченной ответственностью «Научно-издательский центр ИНФРА-М» _d2025 215 ## _a13 с. 608 ## _aЖурнальная статья _2local 675 ## _aВыборы. Референдумы. Плебисциты. Избирательные кампании.Коррупция при выборах. 324 _aИзбирательное право. Избирательные системы. 342.8 _z 700 #1 _aАлексеев _gР. А. 700 #1 _aКривешко _gД. Д. 856 4# _anaukaru.ru _u